000
00290nam a22001337a 4500
008
180116b xxu||||| |||| 00| 0 eng d
020
_a
9781412968515
041
_a
eng
080
_2
4TH
_a
94
100
_a
16
101
_a
HIS
245
_a
Families& change
_c
Price,SH.J
942
_2
udc
_c
BK
999
_c
40380
_d
40380